| 000 | 00567nam a22002057a 4500 | ||
|---|---|---|---|
| 003 | OSt | ||
| 005 | 20140310181918.0 | ||
| 008 | 130717t xxu||||| |||| 00| 0 eng d | ||
| 020 | _a156189916 | ||
| 050 |
_aLB 1525 _b.Sp741 2003 |
||
| 082 |
_aTR 372.4 _bSp3 2003 |
||
| 245 | _aSpectrum reading Gr.6 / | ||
| 260 |
_aU.S.A : _bMcGraw-Hill Children's Publishing, _cc2003. |
||
| 300 |
_a87 p. : _bill. (some col.) ; _c28 cm. |
||
| 521 | _aFaculty | ||
| 541 | _j1 | ||
| 562 | _e1 | ||
| 650 |
_aReading _xelementary education. _91250 |
||
| 942 |
_2lcc _cBK-TR _kTR |
||
| 999 |
_c6854 _d6854 |
||